Zákon o národních výborech a prováděcí předpisy

Gespeichert in:
Bibliographische Detailangaben
1. Verfasser: Šmíd, Ladislav
Format: Buch
Sprache:Tschechisch
Veröffentlicht: Praha Ústav státní správy 1983
Schriftenreihe:Studie a informace
Tags: Tag hinzufügen
Keine Tags, Fügen Sie das erste Tag hinzu!

MARC

LEADER 00000nam a2200000 4500
001 c114812
005 20250219092519.5
041 0 |a cze 
044 |a CZ 
245 1 0 |a Zákon o národních výborech a prováděcí předpisy  |c Ladislav Šmíd a kol. 
264 1 |a Praha  |b Ústav státní správy  |c 1983 
300 |a 153 s. 
490 1 |a Studie a informace 
830 0 |a Studie a informace 
100 1 |a Šmíd, Ladislav